Az új rektor látogatása a polgármesternél [rövid hír]

Elmentve itt :
Bibliográfiai részletek
Dokumentumtípus: Cikk
Megjelent: 1933-09-22
Sorozat:Délmagyarország 9 No. 215
Kulcsszavak:Széki Tibor, Somogyi Szilveszter, Rektor látogatása
Online Access:http://dmarchiv.bibl.u-szeged.hu/32381
LEADER 00473nab a2200145 i 4500
001 delm32381
005 20180927105646.0
008 180927s1933 hu o 0|| hun d
040 |a SZTE Délmagyarország Archívum  |b hun 
041 |a hun 
245 0 3 |a Az új rektor látogatása a polgármesternél   |h [elektronikus dokumentum] :  |b [rövid hír] 
260 |c 1933-09-22 
300 |a 6 
490 0 |a Délmagyarország  |v 9 No. 215 
695 |a Széki Tibor, Somogyi Szilveszter, Rektor látogatása